01556cam a22003014i 450000100090000000300040000900500170001300800410003001000170007102000180008804000280010604200080013405000250014210000510016724501960021824600360041425000200045026400490047030000460051933600260056533700280059133800270061950000200064650505050066665000200117170000320119170000310122318474316OSt20220610131428.0150202s2016 maua b 001 0 eng  a 2015932319 a9781133592969 aDLCbengerdacDLCdDLC apcc00aHE151.C88(8e)b 20161 aCoyle, John J.q(John Joseph),d1935-eauthor.10aTransportation :a global supply chain perspective /cJohn J. Coyle, The Pennsylvania State University, Robert A. Novack, The Pennsylvania State University, Brian J. Gibson, Auburn University.31aGlobal supply chain perspective aEighth edition. 1aBoston, MA, USA :bCengage Learning,c[2016] axxii, 503 pages :billustrations ;c27 cm atextbtxt2rdacontent aunmediatedbn2rdamedia avolumebnc2rdacarrier aIncludes index. aContents: Global supply chains: The role and importance of transportation -- Transportation and the economy -- Transportation regulation and public policy -- Costing and pricing for transportation -- Motor carriers -- Railroads -- Airlines -- Water carriers and pipelines -- Transportation risk management -- Global transportation planning -- Global transportation excecution -- Third party logistics -- Private transportation and fleet management -- Issues and challenges for global supply chains.  0aTransportation.1 aNovack, Robert A.,eauthor.1 aGibson, Brian J.,eauthor.